Bastard out of Carolina / (Registro nro. 3567)

Detalles MARC
000 -LEADER
fixed length control field 00996nam a2200277Ia 4500
003 - CONTROL NUMBER IDENTIFIER
control field SS
005 - DATE AND TIME OF LATEST TRANSACTION
control field 20250619112007.0
008 - FIXED-LENGTH DATA ELEMENTS--GENERAL INFORMATION
fixed length control field 191128s9999 xx 000 0 und d
020 ## - INTERNATIONAL STANDARD BOOK NUMBER
International Standard Book Number 4520269571
040 ## - CATALOGING SOURCE
Transcribing agency .
082 ## - DEWEY DECIMAL CLASSIFICATION NUMBER
Classification number A-N
Item number ALLb
Edition number 23
100 ## - MAIN ENTRY--PERSONAL NAME
Personal name Allison, Dorothy, autora
9 (RLIN) 44180
245 #0 - TITLE STATEMENT
Title Bastard out of Carolina /
245 #0 - TITLE STATEMENT
Statement of responsibility, etc. Dorothy Allison
260 ## - PUBLICATION, DISTRIBUTION, ETC.
Place of publication, distribution, etc. New York
260 ## - PUBLICATION, DISTRIBUTION, ETC.
Name of publisher, distributor, etc. A plume book,
260 ## - PUBLICATION, DISTRIBUTION, ETC.
Date of publication, distribution, etc. 1992
300 ## - PHYSICAL DESCRIPTION
Extent 309 páginas
300 ## - PHYSICAL DESCRIPTION
Dimensions 20 cm
440 ## - SERIES STATEMENT/ADDED ENTRY--TITLE
Title Plume contemporany fiction
9 (RLIN) 44181
500 ## - GENERAL NOTE
General note Finalista del Premio Nacional de Libros.
520 ## - SUMMARY, ETC.
Summary, etc. Greenville es un lugar turbulento y exuberante de nogales negros y sauces llorones y también la cuna de la familia Boatwright. En el centro de esta sorprendente novela está Bone, una niña bastarda con una anotación en su certificado de nacimiento.
546 ## - LANGUAGE NOTE
Language note spa
650 ## - SUBJECT ADDED ENTRY--TOPICAL TERM
Topical term or geographic name entry element Novela estadounidense ; Abuso del niño--Novela ; Lesbianismo--Novela--
9 (RLIN) 44182
942 ## - ADDED ENTRY ELEMENTS (KOHA)
Source of classification or shelving scheme Dewey Decimal Classification
Koha item type Books
Existencias
Withdrawn status Lost status Source of classification or shelving scheme Materials specified (bound volume or other part) Damaged status Not for loan Collection code Home library Current library Date acquired Total Checkouts Total Renewals Full call number Barcode Date last seen Date last checked out Copy number Price effective from Koha item type
    Dewey Decimal Classification Donación--26/06/2018--     Fiction Biblioteca Pública José María del Castillo y Rada Biblioteca Pública José María del Castillo y Rada 11/28/2019 6 5 A-N ALLb 201807432 12/01/2025 12/01/2025 Ej.1 11/28/2019 Books